000 00474nam a2200169Ia 4500
999 _c29896
_d29896
003 OSt
005 20210101143504.0
008 190216s9999||||xx |||||||||||||| ||und||
040 _coclc
082 _a370
_bBAS/A
100 _aBasheer, K
_98086
245 0 _aAnuyojya Vidyabyasam /
_cK Basheer
260 _bSociety Of Friends Of Childrens,
_c1999.
_aMannarkkad:
300 _a151p
650 _aPadanam
942 _cBK
_2ddc
_h370
_iBAS/A
_k370
_mBAS/A